00365nam a2200133Ia 4500008004100000041000800041082001700049100001800066245004200084250001400126260004800140300003200188365001100220240624s9999 xx 000 0 und d aeng a658.4092 BLA aBLANCHARD KEN aSECRET WHAT GREAT LEADERS KNOW AND DO a(3rd ed.) c2014aNew DelhibBerrett-Koehler Publishers aviii, : 142 : p. : cm. ; 22 cRSb30